Manufacturing Planning,:Control Supply Cain Management (Record no. 4365)

MARC details
005 - DATE AND TIME OF LATEST TRANSACTION
control field 20250619082156.0
020 ## - INTERNATIONAL STANDARD BOOK NUMBER
International Standard Book Number 0-07-229990-8
082 ## - DEWEY DECIMAL CLASSIFICATION NUMBER
Classification number 658.5VOL
100 ## - MAIN ENTRY--PERSONAL NAME
Author name Berry Vollmann
245 ## - TITLE STATEMENT
Title Manufacturing Planning,:Control Supply Cain Management
250 ## - EDITION STATEMENT
Edition statement 5th,Ed
260 ## - PUBLICATION, DISTRIBUTION, ETC.
Place of publication, distribution, etc. New York,
Name of publisher, distributor, etc. Mc Graw Hill,
Date of publication, distribution, etc. 2005.
300 ## - PHYSICAL DESCRIPTION
Extent xii,665p,;ill,table,figure,
Other physical details Appendix, Index,
Dimensions 24cm.
700 ## - ADDED ENTRY--PERSONAL NAME
Other authors/Editors Vollmann .E.T,Berry. L.W,Whybark C. D
942 ## - ADDED ENTRY ELEMENTS (KOHA)
Source of classification or shelving scheme Dewey Decimal Classification
Koha item type Books
Holdings
Date last seen Total checkouts Full call number Barcode Cost, replacement price Price effective from Koha item type Lost status Source of classification or shelving scheme Damaged status Not for loan Withdrawn status Home library Current library Shelving location Date acquired Cost, normal purchase price
06/19/2025   658.5VOL DOM0003742 201000.00 06/19/2025 Books   Dewey Decimal Classification       CBE Dodoma CBE Dodoma Special Reserve Collection 03/26/2009 67000.00
06/19/2025   658.5VOL DOM0003741 201000.00 06/19/2025 Books   Dewey Decimal Classification       CBE Dodoma CBE Dodoma Special Reserve Collection 03/26/2009 67000.00